000 00343nam a22001337a 4500
003 NUST
020 _a9789695623909
082 _a928.914391
_bMAL
100 _aDr. Nadeem Shafiq malik (Ed)
_9119398
245 _aThe USA, Canada and The Quaid-i-Azam Muhammad ali Jinnah
260 _aLahore
_bFiction
_c2015
300 _a187p
942 _cBK
_2ddc
999 _c34113
_d34113